Le paragraphe : entre phrases et texte (notice n° 2198476)
[ vue normale ]
| 000 -LEADER | |
|---|---|
| fixed length control field | 01152cam a2200133 4500500 |
| 005 - DATE AND TIME OF LATEST TRANSACTION | |
| control field | 20260405085543.0 |
| 041 ## - LANGUAGE CODE | |
| Language code of text/sound track or separate title | fre |
| 042 ## - AUTHENTICATION CODE | |
| Authentication code | dc |
| 100 10 - MAIN ENTRY--PERSONAL NAME | |
| Personal name | Adam, Jean-Michel |
| Relator term | author |
| 245 00 - TITLE STATEMENT | |
| Title | Le paragraphe : entre phrases et texte |
| 260 ## - PUBLICATION, DISTRIBUTION, ETC. | |
| Name of publisher, distributor, etc. | Armand Colin,<br/> |
| Date of publication, distribution, etc. | 2018.<br/> |
| 520 ## - SUMMARY, ETC. | |
| Summary, etc. | Unité spécifique de l’écrit, palier intermédiaire entre l’espace linguistique de la phrase et celui du texte, le paragraphe joue un rôle important dans la lisibilité de la construction du sens. Le paragraphe et l’alinéa ont été souvent rejetés hors du champ de la linguistique et ce livre est un des rares à leur être entièrement consacré. Après une vaste mise au point, l’auteur développe une théorie générale du paragraphe et met en œuvre une méthodologie d’analyse de ses usages à des époques et dans des genres très différents : pratiques discursives journalistique, publicitaire, encyclopédique-didactique et littéraire (poème, conte, roman : de Perrault et Baudelaire à Butor et Simon). |
| 856 41 - ELECTRONIC LOCATION AND ACCESS | |
| Uniform Resource Identifier | <a href="https://shs.cairn.info/le-paragraphe-entre-phrases-et-texte--9782200619848?lang=fr&redirect-ssocas=7080">https://shs.cairn.info/le-paragraphe-entre-phrases-et-texte--9782200619848?lang=fr&redirect-ssocas=7080</a> |
Pas d'exemplaire disponible.




Réseaux sociaux